| 000 | 00000nam 2200000za 4500 |
| 001 | 9.607844 |
| 003 | CaOODSP |
| 005 | 20250904141433 |
| 007 | cr ||||||||||| |
| 008 | 150406|2014||||xxc|||||o f|0| 0 fre d |
| 040 | |aCaOODSP|bfre |
| 043 | |an-cn--- |
| 086 | 1 |aRv55-5/11-11-3-2014F-PDF |
| 110 | 2 |aAgence des services frontaliers du Canada. |
| 245 | 10|aDécisions anticipées en matière de classement tarifaire |h[ressource électronique] |
| 250 | |a[Édition de 30 septembre 2014]. |
| 260 | |aOttawa - Ontario : |bAgence des services frontaliers du Canada |
| 300 | |a12p. |
| 490 | 1 |aMémorandums D des douanes. D11, Renseignements généraux sur le tarif |vD11-11-3, le 30 septembre 2014 |
| 500 | |a«Ceci annule le mémorandum D D11-11-3 daté le 23 avril 2010» |
| 590 | |a14-41|b2014-10-10 |
| 775 | 08|tAdvance rulings for tariff classification |w(CaOODSP)9.580938 |
| 794 | |tDécisions anticipées en matière de classement tarifaire.|b[Édition de 9 août 2019]|w(CaOODSP)9.879248 |
| 830 | #0|aMémorandums D des douanes. D11, Renseignements généraux sur le tarif ;|vD11-11-3, le 30 septembre 2014|w(CaOODSP)9.816826 |
| 856 | 40|ahttp://publications.gc.ca|qPDF|s148 Ko|uhttps://publications.gc.ca/collections/collection_2014/asfc-cbsa/Rv55-5-11-11-3-2014-fra.pdf|yD11-11-3, le 30 septembre 2014 |